Norgesmestere i Håndball for Menn - Statistics

General Stats
  • This quiz has been taken 26 times
  • The average score is 13 of 27
Answer Stats
# Vinner % Correct
5 Elverum
90%
2 FyllingenBergen
76%
2 Drammen
71%
2 Kolstad
71%
4 Runar
71%
2 Stavanger IF
71%
15 Fredensborg
67%
10 Sandefjord
62%
2 Oppsal
57%
1 Kristiansand
52%
1 ØIF Arendal
52%
3 Fjellhammer
48%
4 Haslum
48%
6 Nordstrand
48%
4 Viking
48%
1 Bækkelaget
43%
1 Bodø
43%
2 Oslo Studentene
38%
6 Arild
29%
4 Oslo HK
29%
3 Oslo IL
29%
1 Rapp
29%
1 Stabæk
24%
1 Mode
19%
2 Urædd
19%
1 Refstad
14%
2 Grønland
10%
No matching quizzes found
Score Distribution
Percent of People with Each Score
Percentile by Number Answered
Your Score History
You have not taken this quiz